I Exposició - concurs de dibuix i treball manual
Descripción Física:
4 p. ; 26 cm
MARC
| LEADER | 00000nam a2200000Ia 4500 | ||
|---|---|---|---|
| 001 | 21459 | ||
| 008 | 160829s1919 xx 000 0 cat d | ||
| 080 | |a RF-13-14 | ||
| 245 | |a I Exposició - concurs de dibuix i treball manual | ||
| 260 | |a Barcelona : |b [s. n.], |c 1919 | ||
| 300 | |a 4 p. ; |c 26 cm | ||
| 590 | |a A la part superior de la portada: Concursos d'ensenyament primari organitzats pel Consell de Pedagogia de la Diputació de Barcelona. | ||
| 590 | |a Inclou les bases de l'exposició - concurs. | ||
| 590 | |a Prové de 3274, exp. 1 | ||
| 650 | |a Dibuix |x Exposicions |9 30337 | ||
| 650 | |a Artesania |x Exposicions |9 47733 | ||
| 710 | 1 | |a Barcelona (Catalunya : Província). |b Consell de Pedagogia |9 54044 | |
| 856 | 4 | |u https://media.diba.cat/diba/fitxers/arxiu/fulletons/bib_21459_1919_baixa.pdf |y Accés lliure | |
| 856 | 4 | |u https://media.diba.cat/diba/fitxers/arxiu/fulletons/bib_21459_1919_baixa.pdf |y Accés lliure | |
| 901 | |a Arxiu | ||
| 942 | |n 1 |2 udc | ||
| 952 | |0 0 |1 0 |4 0 |6 RF1314 |7 1 |9 54066 |a Arxiu |b Arxiu |d 2016-12-01 |l 0 |o RF-13-14 |p 21459 |r 2016-12-01 00:00:00 |w 2016-12-01 |y ARXIU | ||
| 999 | |c 57934 |d 57934 | ||
| 900 | |a bib_21459_1919_baixa.pdf | ||